MARC

LEADER 00000nam0a2200000 4500
001 370953
005 20231102012330.0
010 |a 040800388X 
035 |a (RuTPU)RU\TPU\retro\28362 
090 |a 370953 
100 |a 20220819d1979 m y0rusy50 ba 
101 0 |a eng 
102 |a GB 
105 |a a j 001zy 
200 1 |a A short course in industrial design  |e short course  |f E. Tjalve 
210 |a London  |a Boston  |c Newnes-Butterworths  |d 1979 
215 |a 207 p.  |c il. 
320 |a Index: p. 205-207 
606 1 |a Дизайн  |x Промышленные предприятия  |2 stltpush  |3 (RuTPU)RU\TPU\subj\9467  |9 36711 
610 1 |a промышленный дизайн 
610 1 |a проектирование 
610 1 |a промышленная продукция 
610 1 |a промышленные изделия 
610 1 |a художественное конструирование 
610 1 |a колористика 
610 1 |a формообразование 
610 1 |a учебные пособия 
610 1 |a английский язык 
675 |a 658.512.23(075.8)  |v 4 
700 1 |a Tjalve  |b E.  |g Eskild 
801 1 |a RU  |b 63413507  |c 20220819 
801 2 |a RU  |b 63413507  |c 20220822  |g RCR 
942 |c BK